[Event "GER-chT School WK H+R"]
[Site "Playchess.com INT"]
[Date "2020.06.17"]
[Round "6.2"]
[White "Haubold, Christian Lucas"]
[Black "Kushnir, Danylo"]
[Result "1-0"]
[WhiteElo "1831"]
[BlackElo "1696"]
[PlyCount "45"]
[EventDate "2020.06.10"]
[EventType "team-swiss (blitz)"]
[EventRounds "7"]
[EventCountry "GER"]
[SourceTitle "EXT 2021"]
[Source "ChessBase"]
[SourceDate "2020.10.23"]
[SourceVersion "1"]
[SourceVersionDate "2020.10.23"]
[SourceQuality "1"]
[WhiteTeam "Aschersleben Adam Olearius"]
[BlackTeam "Pfullingen Hauff Realschule"]
[WhiteTeamCountry "GER"]
[BlackTeamCountry "GER"]

1. e4 e6 2. d4 d5 3. Nd2 c5 4. exd5 exd5 5. Ngf3 Nf6 6. Bb5+ Bd7 7. Bxd7+ Qxd7 8. 0-0 Nc6 9. Re1+ Be7 10. Nb3 c4 11. Nc5 Qc7 12. Ne5 Nxe5 13. Rxe5 0-0 14. Bg5 Bxc5 15. Bxf6 gxf6 16. Qg4+ Kh8 17. Rxd5 Bd6 18. Qh3 a6 19. Rh5 Bxh2+ 20. Kh1 Qe5 21. Rxh7+ Kg8 22. Rh8+ Kg7 23. Qh7# 1-0